Cosas de la nieve /
Descripción Física:
Il·lustracions
Colección:
San Jorge,
; núm. 17 (gener 1955), pàg. 57-70
Materias:
Neu
MARC
| LEADER | 00000naa a2200000 a 4500 | ||
|---|---|---|---|
| 003 | Arxiu | ||
| 005 | 20260324181034.0 | ||
| 008 | 160829s1955 spcaxx s spc c | ||
| 040 | |a AGDB | ||
| 100 | |a Oliveras, Alberto |9 29543 | ||
| 245 | 1 | 0 | |a Cosas de la nieve / |c Alberto Oliveras |
| 300 | |b Il·lustracions | ||
| 490 | |a San Jorge, |v núm. 17 (gener 1955), pàg. 57-70 | ||
| 500 | |a Il·lustracions: Lloveras, fotografies: F. Català-Roca | ||
| 590 | |a La major part de l'article són fotografies. | ||
| 650 | |a Neu |9 29800 | ||
| 700 | 1 | |9 26722 |a Català-Roca, Francesc, |d 1922-1998 |e fotografies | |
| 700 | 1 | |a Lloveras, Frederic, |d 1912-1983 |e il·lustrador |9 55333 | |
| 773 | |g Núm. 17 (gener 1955), pàg. 57-70 |t San Jorge. | ||
| 901 | |a Arxiu | ||
| 942 | |n 1 |2 udc |c ART | ||
| 952 | |0 0 |1 0 |4 0 |6 REV510 |7 0 |9 65119 |a Arxiu |b Arxiu |d 2023-01-25 |l 0 |o Rev-510 |r 2023-01-25 00:00:00 |w 2023-01-25 |y ARXIU |z També disponible a Rev-524 | ||
| 999 | |c 48164 |d 48164 | ||